| 000 | 00599nam a22001937a 4500 | ||
|---|---|---|---|
| 003 | USm | ||
| 005 | 20140310182441.0 | ||
| 008 | 130402t xxu||||| |||| 00| 0 eng d | ||
| 020 | _a9780702043093 | ||
| 050 |
_aR 895 _b.P957 2011 |
||
| 100 |
_aGraham, Donald T. _97900 |
||
| 245 |
_aPrinciples and application of radiological physics/ _cDonald T. Graham, Paul Cloke, Martin Vosper. |
||
| 250 | _a6th ed. | ||
| 260 |
_aEdinburgh: _bChurchill Livingstone/Elsevier, _cc2011. |
||
| 300 |
_a378 p. : _bill. ; _c25 cm. |
||
| 650 |
_aRadiological Physics _97901 |
||
| 942 |
_2lcc _cSSLC |
||
| 999 |
_c13519 _d13519 |
||